书目信息 |
| 题名: |
英雄时代
|
|
| 作者: | 马兆锋 编著 | |
| 分册: | ||
| 出版信息: | 北京 北京工业大学出版社 2014 |
|
| 页数: | 13, 704页 | |
| 开本: | 24cm | |
| 丛书名: | ||
| 单 册: | ||
| 中图分类: | K232.09 | |
| 科图分类: | ||
| 主题词: | 秦汉时代--历史--通俗读物 | |
| 电子资源: | ||
| ISBN: | 978-7-5639-3731-8 | |
| 000 | 00858nam0 2200253 450 | |
| 001 | 338896 | |
| 005 | 20150603103406.04 | |
| 010 | @a978-7-5639-3731-8@b精装@dCNY76.00 | |
| 100 | @a20140307d2014 em y0chiy50 ea | |
| 101 | 0 | @achi |
| 102 | @aCN@b110000 | |
| 105 | @aa z 000yy | |
| 106 | @ar | |
| 200 | 1 | @a英雄时代@Aying xiong shi dai@e强盛的秦汉帝国@f马兆锋编著 |
| 210 | @a北京@c北京工业大学出版社@d2014 | |
| 215 | @a13, 704页@c图@d24cm | |
| 300 | @a华夏文明史话 | |
| 330 | @a本书对秦汉历史做了粗略勾勒, 全景展示了秦汉时期的政治、军事、经济及社会生活等各个方面, 揭示了这一时期历史的基本面貌和社会发展脉络。 | |
| 517 | 1 | @a强盛的秦汉帝国@Aqiang sheng de qin han di guo |
| 606 | 0 | @a秦汉时代@x历史@j通俗读物 |
| 690 | @aK232.09@v5 | |
| 701 | 0 | @a马兆锋@Ama zhao feng@f(1977)@4编著 |
| 801 | 0 | @aCN@b卓展宏图@c20150525 |
| 905 | @dK232.09@e41@f4 | |
| 英雄时代:强盛的秦汉帝国/马兆锋编著.-北京:北京工业大学出版社,2014 |
| 13, 704页:图;24cm |
| 华夏文明史话 |
| ISBN 978-7-5639-3731-8(精装):CNY76.00 |
| 本书对秦汉历史做了粗略勾勒, 全景展示了秦汉时期的政治、军事、经济及社会生活等各个方面, 揭示了这一时期历史的基本面貌和社会发展脉络。 |
| ● |
| 相关链接 |
|
|
|
|
正题名:英雄时代
索取号:K232.09/41
 
预约/预借
| 序号 | 登录号 | 条形码 | 馆藏地/架位号 | 状态 | 备注 |
| 1 | 861041 | 208610412 | 第二样本阅览室/ [索取号:K232.09/41] | 在馆 | |
| 2 | 861042 | 208610421 | 第二借阅区/ [索取号:K232.09/41] | 在馆 | |
| 3 | 861043 | 208610430 | 密集书库-史法系/ [索取号:K232.09/41] | 在馆 | |
| 4 | 861044 | 208610449 | 第二借阅区/ [索取号:K232.09/41] | 在馆 |